[Event "15th Open"]
[Site "Bosnjaci CRO"]
[Date "2010.01.09"]
[Round "9"]
[White "Dimitrijevic,A"]
[Black "Babic,Z"]
[Result "1/2-1/2"]
[WhiteElo "2295"]
[BlackElo "2160"]

1.e4 c5 2.Nf3 d6 3.d4 cxd4 4.Nxd4 Nf6 5.Nc3 a6 6.Be3 Ng4 7.Bg5 h6 8.Bh4 g5
9.Bg3 Bg7 10.Be2 h5 11.Bxg4 Bxg4 12.f3 Bd7 13.Bf2 e6 14.Qd2 Be5 15.Be3 Rg8
16.O-O-O Nc6 17.g3 Qf6 18.Nce2 Qh8 19.Kb1 O-O-O 20.Nxc6 Bxc6 21.Nd4 Bxd4
22.Bxd4 e5 23.Bb6 Rd7 24.Qb4 Qf6 25.Rd3 g4 26.Rhd1 gxf3 27.Rf1 Rg4 28.Rdxf3 Qg6
29.Rf6 Qxe4 30.Qd2 Rg8 31.Rh6 Qg2 32.Qxg2 Bxg2 33.Rf5 Be4 34.Rfxh5 Re8 35.Rh8 Re7
36.Rxe8+ Rxe8 37.Kc1 Kd7 38.c3 Rg8 39.Kd2 Ke6 40.Be3 f6 41.Rh4 d5 42.a4 b5
43.a5 Rc8 44.b4 Bf5 45.Bc5 Bg6 46.g4 Rg8 47.Rh6 Be4 48.h3 Kf7 49.Be3 Bg6
50.g5 Kg7 51.gxf6+ Kxf6 52.h4 Kf5 53.h5  1/2-1/2

[Event "15th Open"]
[Site "Bosnjaci CRO"]
[Date "2010.01.09"]
[Round "9"]
[White "Dabo Peranic,R"]
[Black "Velchev,H"]
[Result "0-1"]
[WhiteElo "2315"]
[BlackElo "2298"]

1.e4 c5 2.Nf3 d6 3.d4 cxd4 4.Nxd4 Nf6 5.Nc3 a6 6.Be3 e5 7.Nb3 Be6 8.f3 Be7
9.Qd2 O-O 10.O-O-O a5 11.Bb5 Na6 12.Qe2 Qc8 13.Kb1 Nc7 14.Ba4 d5 15.exd5 Ncxd5
16.Nxd5 Nxd5 17.Bf2 Qc7 18.Rhe1 Rfc8 19.Bg3 Nb4 20.Rd2 f6 21.a3 Bc4 22.Qd1 b5
23.Rd7 Qc6 24.Rxe7 Nd5 25.Nd4 exd4 26.Bb3 Nxe7 27.Rxe7 Qd5 28.Re4 Bxb3 29.cxb3 d3
30.Bf2 d2 31.Ka2 Rc1 32.Qe2 Ra1+  0-1

[Event "Porzellancup"]
[Site "Dresden GER"]
[Date "2010.01.16"]
[Round "2"]
[White "Moehn,H"]
[Black "Bindrich,F"]
[Result "0-1"]
[WhiteElo "2015"]
[BlackElo "2512"]

1.e4 c5 2.Nf3 d6 3.d4 cxd4 4.Nxd4 Nf6 5.Nc3 a6 6.Be3 e5 7.Nb3 Be6 8.f4 Ng4
9.Bd2 exf4 10.Bxf4 Nc6 11.h3 Nge5 12.Qd2 Be7 13.O-O-O O-O 14.Kb1 a5 15.g4 a4
16.Nc1 a3 17.b3 Qb6 18.Bg2 Rac8 19.Nd5 Bxd5 20.exd5 Nb4 21.Be4 Bf6 22.g5 Nc4
23.Qe2 Be5 24.Bxe5 dxe5 25.Rhe1 Nd6 26.Rd2 Qc5 27.Qf3 f5 28.gxf6 Rxf6  0-1

[Event "TCh-AUT 2009-10"]
[Site "Graz AUT"]
[Date "2010.01.16"]
[Round "6"]
[White "Schiestl,J"]
[Black "Schweda,R"]
[Result "1/2-1/2"]
[WhiteElo "2118"]
[BlackElo "2432"]

1.e4 c5 2.Nf3 d6 3.d4 cxd4 4.Nxd4 Nf6 5.Nc3 a6 6.Be3 e5 7.Nb3 Be6 8.f4 exf4
9.Bxf4 Nc6 10.Qe2 Be7 11.h3 Qc7 12.O-O-O O-O 13.Kb1 Rfc8 14.g4 Nd7 15.g5 Bf8
16.Qg2 Nde5 17.h4 g6 18.h5 Bg7 19.hxg6 hxg6 20.Be2 b5 21.Nd5 Bxd5 22.exd5 Na5
23.Nd4 Nac4 24.Qh2 Qc5 25.Bxc4 Nxc4 26.Qh7+ Kf8 27.Ne6+ fxe6 28.Bc1 Na3+
29.Ka1 Nxc2+ 30.Kb1 Na3+ 31.Ka1 Nc2+ 32.Kb1 Na3+ 33.Ka1 Nc2+  1/2-1/2

[Event "TCh-AUT 2009-10"]
[Site "Graz AUT"]
[Date "2010.01.17"]
[Round "7"]
[White "Lanka,Z"]
[Black "Stocek,J"]
[Result "1/2-1/2"]
[WhiteElo "2506"]
[BlackElo "2592"]

1.e4 c5 2.Nf3 d6 3.d4 cxd4 4.Nxd4 Nf6 5.Nc3 a6 6.Be3 e6 7.Be2 Nbd7 8.O-O b5
9.a4 b4 10.Na2 Bb7 11.Nxb4 Nxe4 12.c4 a5 13.Nd3 Be7 14.f4 O-O 15.Bf3 d5 16.cxd5 exd5
17.Rc1 Re8 18.Bxe4 dxe4 19.Ne5 Nxe5 20.fxe5 Bf8 21.Qh5 g6 22.Qh3 Bd5 23.Rcd1 Rxe5
24.Nc6 Bxc6 25.Rxd8 Rxd8 26.Qg3 Bg7 27.b3 h5 28.Rc1 Bd5 29.Bd4 Ree8 30.Bxg7 Kxg7
31.Qe3 Kg8 32.Rd1 Rd7 33.Qc5 e3 34.Re1 Bxb3 35.Qb5 Bxa4 36.Qxa4 Rde7 37.Qxa5 e2
38.h3 h4 39.Qb5  1/2-1/2

[Event "8th Parsvnath Open"]
[Site "New Delhi IND"]
[Date "2010.01.17"]
[Round "6"]
[White "Dzhumaev,M"]
[Black "Ashwin,J"]
[Result "1-0"]
[WhiteElo "2515"]
[BlackElo "2434"]

1.e4 c5 2.Nf3 d6 3.d4 cxd4 4.Nxd4 Nf6 5.Nc3 a6 6.Be3 e6 7.f3 b5 8.Qd2 Nbd7
9.O-O-O b4 10.Nce2 Qc7 11.g4 h6 12.Ng3 d5 13.g5 hxg5 14.exd5 Nxd5 15.Bxg5 Bd6
16.Ne4 Be5 17.f4 Bxd4 18.Qxd4 f6 19.f5 fxg5 20.Qxg7 Rf8 21.Qg6+ Kd8 22.Qxg5+ Ke8
23.fxe6 N7b6 24.Qg6+ Ke7 25.Bh3 Qe5 26.Rhf1 Bxe6 27.Bxe6 Qxe6 28.Qg5+ Ke8
29.Rfe1 Kf7 30.Qh5+ Qg6 31.Rf1+ Kg7 32.Rg1  1-0

[Event "Open C"]
[Site "Marianske Lazne CZE"]
[Date "2010.01.20"]
[Round "6"]
[White "Khamidov,K"]
[Black "Ivanovic,Mir"]
[Result "1-0"]
[WhiteElo "1999"]
[BlackElo "2183"]

1.e4 c5 2.Nf3 d6 3.d4 cxd4 4.Nxd4 Nf6 5.Nc3 a6 6.Be3 e5 7.Nb3 Be7 8.f3 Be6
9.Qd2 O-O 10.O-O-O a5 11.Bb5 Na6 12.g4 Qc8 13.Kb1 Nc7 14.h4 d5 15.exd5 Nfxd5
16.Nxd5 Bxd5 17.Be2 a4 18.Nc1 Qe6 19.g5 Rfd8 20.Qe1 b5 21.Rg1 b4 22.b3 Qc6
23.h5 Bxf3 24.Rxd8+ Rxd8 25.Bxf3 Qxf3 26.Bb6 Qc6 27.Bxc7 Qxc7 28.Nd3 Rc8
29.Rg2 Qc6 30.Re2 f6 31.gxf6 Bxf6 32.Nxb4 Qf3 33.h6 gxh6 34.Rf2 Qg3 35.Qf1 Bg7
36.Nd5 Kh8 37.Ne7 Rd8 38.Nf5 Qg4 39.Nd6 Kg8 40.Rg2 Qxg2 41.Qc4+ Kh8 42.Nf7+ Kg8
43.Nxh6+ Kh8 44.Qg8+ Rxg8 45.Nf7+  1-0

[Event "8th Parsvnath Open"]
[Site "New Delhi IND"]
[Date "2010.01.20"]
[Round "9"]
[White "Dzhumaev,M"]
[Black "Ghaem Maghami,E"]
[Result "0-1"]
[WhiteElo "2515"]
[BlackElo "2589"]

1.e4 c5 2.Nf3 d6 3.d4 cxd4 4.Nxd4 Nf6 5.Nc3 a6 6.Be3 e5 7.Nb3 Be7 8.f3 Be6
9.Qd2 h5 10.O-O-O Nbd7 11.Kb1 Rc8 12.Be2 b5 13.Nd5 Bxd5 14.exd5 Nb6 15.Bxb6 Qxb6
16.Qd3 Nd7 17.f4 exf4 18.Nd4 Bf6 19.Qe4+ Be5 20.g3 Nf6 21.Qf5 Qc7 22.gxf4 g6
23.Qd3 Bxf4 24.Rhf1 Be5 25.Nc6 Nd7 26.Qf3 O-O 27.Bd3 Rce8 28.Rg1 Bg7 29.Qg2 Ne5
30.Be4 Nc4 31.Rd3 Qb6 32.Bxg6 fxg6 33.Qxg6 Rf7 34.Nd4 Ne5 35.Qe4 Ree7 36.Rdg3 Ng4
37.Ne6 Qf2 38.a3 Qf6 39.c3 Qe5 40.Qg6 Qxd5 41.Ng5 Qf5+  0-1

[Event "2nd Chennai Open"]
[Site "Chennai IND"]
[Date "2010.01.26"]
[Round "3"]
[White "Ramesh,R"]
[Black "Deshmukh,A"]
[Result "0-1"]
[WhiteElo "2482"]
[BlackElo "2271"]

1.e4 c5 2.Nf3 d6 3.d4 cxd4 4.Nxd4 Nf6 5.Nc3 a6 6.Be3 e5 7.Nf3 h6 8.Bc4 Be7
9.O-O O-O 10.Qe2 Qc7 11.Rfd1 Be6 12.Bb3 Nbd7 13.Nh4 Rfe8 14.Nf5 Bf8 15.Qf3 Kh7
16.Qh3 Nc5 17.Bxc5 dxc5 18.Bxe6 fxe6 19.Ne3 c4 20.Ng4 Nxg4 21.Qxg4 Bc5 22.Rd2 Re7
23.Rf1 b5 24.g3 Qa5 25.a3 Bxa3 26.Ra1 Qb4 27.Rxa3 Qxb2 28.Nxb5 Qxb5 29.c3 a5
30.h4 Qb1+ 31.Kg2 Qc1 32.Rda2 Rb8 33.Ra1 Qc2 34.R1a2 Rb2 35.Rxb2 Qxb2 36.Rxa5 Rf7
37.Kh3 Rxf2 38.Qd1 Rh2+ 39.Kg4 Qxc3 40.Ra7 h5+ 41.Kxh5 Qxg3 42.Qg4 Rxh4+  0-1

[Event "8th Gibtelecom Masters"]
[Site "Caleta ENG"]
[Date "2010.01.28"]
[Round "3"]
[White "Schoene,Mar"]
[Black "Obiamiwe,P"]
[Result "1/2-1/2"]
[WhiteElo "2251"]
[BlackElo "2046"]

1.e4 c5 2.Nf3 d6 3.d4 cxd4 4.Nxd4 Nf6 5.Nc3 a6 6.Be3 Ng4 7.Bg5 h6 8.Bh4 g5
9.Bg3 Bg7 10.h3 Ne5 11.f3 Nbc6 12.Bf2 Bd7 13.Qd2 b5 14.O-O-O Nxd4 15.Bxd4 Be6
16.h4 Qa5 17.Kb1 b4 18.Nd5 Bxd5 19.exd5 Qxd5 20.hxg5 hxg5 21.Rxh8+ Bxh8 22.Qxg5 Bf6
23.Qd2 Nd7 24.Qxb4 Rb8 25.Qd2 a5 26.a3 Bxd4 27.Qxd4 Qxd4 28.Rxd4 Nc5 29.Kc1 Kd7
30.b4 axb4 31.axb4 Ne6 32.Rh4 f6 33.c3 Ng5 34.Bc4 Kc6 35.Kd2 d5 36.Bd3 Kd6
37.Rh1 Ra8 38.Ke3 Ra3 39.Rc1 e5 40.Kd2 Ne6 41.g3 Ng5 42.Rf1 Ra2+ 43.Ke3 Rg2
44.g4 Nh3 45.Ra1 Nf4 46.Ra6+ Ke7 47.b5 Rb2 48.Bf1 Rb1 49.Kf2 Rb2+ 50.Kg1 Rb1
51.Ra2 Nh3+ 52.Kg2 Nf4+ 53.Kf2 Kd8 54.Ra8+ Ke7 55.Ra7+ Kd6 56.Ra6+ Ke7 57.b6 Rb2+
58.Ke3 Rb1 59.Ra7+ Kd6 60.b7 Kc7 61.Ba6 Rb2 62.Bf1 Rxb7 63.Rxb7+ Kxb7 64.c4 Kc6
65.cxd5+ Kxd5 66.Ba6  1/2-1/2

[Event "2nd Chennai Open"]
[Site "Chennai IND"]
[Date "2010.01.28"]
[Round "5"]
[White "Raghavendra,V"]
[Black "Bitan,B"]
[Result "0-1"]
[WhiteElo "2117"]
[BlackElo "2316"]

1.e4 c5 2.Nf3 d6 3.d4 Nf6 4.Nc3 cxd4 5.Nxd4 a6 6.Be3 e5 7.Nb3 Be6 8.Qd2 Be7
9.f3 O-O 10.O-O-O a5 11.a4 Nc6 12.g4 Nb4 13.g5 Nh5 14.Nd5 Nxd5 15.exd5 Bd7
16.Bb5 Bxb5 17.axb5 a4 18.Na1 Qa5 19.Qxa5 Rxa5 20.b3 axb3 21.Nxb3 Rxb5 22.Rd3 Rc8
23.Rg1 Bd8 24.Rg4 Bb6 25.Bd2 Nf4 26.Bxf4 exf4 27.Rxf4 Rxd5 28.Rc4 Rxc4 29.Rxd5 Bc7
30.Na5 Bxa5 31.Rxa5 Kf8 32.Rb5 Rc7 33.Kd2 Ke7 34.Kd3 Ke6 35.c4 Rc5 36.Rxb7 Rxg5
37.Rb2 Rh5 38.Rg2 g6 39.Ke4 Rh4+ 40.Kd3 Kd7 41.Rc2 Kc6 42.Ke3 f5 43.Kd3 Kc5  0-1

[Event "2nd Chennai Open"]
[Site "Chennai IND"]
[Date "2010.01.28"]
[Round "5"]
[White "Navin,K"]
[Black "Ghaem Maghami,E"]
[Result "1/2-1/2"]
[WhiteElo "2271"]
[BlackElo "2589"]

1.e4 c5 2.Nf3 d6 3.d4 cxd4 4.Nxd4 Nf6 5.Nc3 a6 6.Be3 e5 7.Nb3 Be7 8.h3 Be6
9.Qf3 Nbd7 10.Be2 O-O 11.O-O Rc8 12.Rac1 Nb6 13.Nd2 Qc7 14.Qg3 Rfe8 15.f4 exf4
16.Bxf4 Nbd7 17.Be3 Ne5 18.Nf3 Nc4 19.Bd4 Nh5 20.Qf2 Nf6 21.Ng5 Ne5 22.Nxe6 fxe6
23.Qg3 b5 24.a3 Rf8 25.Rcd1 Rf7 26.Kh1 Rcf8 27.Rfe1 Nfd7 28.Rf1 Bf6 29.Bh5 g6
30.Be2 Qd8 31.Be3 Bh4 32.Qh2 Qe7 33.Rxf7 Nxf7 34.a4 b4 35.Nb1 Bg5 36.Bg1 Nf6
37.Bd3 Ne5 38.g3 a5 39.Nd2 Nh5 40.Nf1 Bf6 41.Be2 Nd7 42.Bxh5 gxh5 43.b3 Be5
44.Qe2 Qg5 45.h4 Qg6 46.Bd4 Bxd4 47.Rxd4 Nc5 48.e5 d5 49.Rf4 Rxf4 50.gxf4 Kf7
51.Qf2 Qe4+ 52.Kh2 d4 53.Ng3 Qd5 54.Qe2 d3  1/2-1/2

[Event "2nd Chennai Open"]
[Site "Chennai IND"]
[Date "2010.01.29"]
[Round "6"]
[White "Deepan,C"]
[Black "Swapnil,SD"]
[Result "1-0"]
[WhiteElo "2492"]
[BlackElo "2429"]

1.e4 c5 2.Nf3 d6 3.d4 cxd4 4.Nxd4 Nf6 5.Nc3 a6 6.Be3 e5 7.Nb3 Be7 8.Qd2 Ng4
9.g3 O-O 10.Nd5 Nxe3 11.Qxe3 Be6 12.O-O-O Nd7 13.Kb1 b5 14.h4 Bxd5 15.exd5 Qc7
16.g4 Nb6 17.Bd3 Nc4 18.Qe4 g6 19.h5 Bg5 20.Rh3 Kg7 21.Rdh1 Rh8 22.h6+ Kf8
23.Bxc4 bxc4 24.Rc3 Rc8 25.Qe2 Ke7 26.Nd4 Qb8 27.Re1 Qb4 28.a3 Qb6 29.Nc6+ Kd7
30.Rxc4 Bxh6 31.g5  1-0

[Event "ch-BUL S/F Men"]
[Site "Plovdiv BUL"]
[Date "2010.01.29"]
[Round "8"]
[White "Janchev,P"]
[Black "Ljangov,P"]
[Result "1-0"]
[WhiteElo "2215"]
[BlackElo "2107"]

1.e4 c5 2.Nf3 d6 3.d4 Nf6 4.Nc3 cxd4 5.Nxd4 a6 6.Be3 Nc6 7.f3 e6 8.Qd2 Be7
9.g4 Nd7 10.O-O-O O-O 11.h4 Nxd4 12.Bxd4 b5 13.g5 b4 14.Na4 Qa5 15.b3 Nc5
16.a3 Rb8 17.axb4 Qxb4 18.Qxb4 Rxb4 19.Bc3 Rb8 20.Nxc5 dxc5 21.Bc4 Re8 22.Kb2 Bb7
23.Be5 Rbd8 24.Ra1 Ra8 25.Rhd1 Red8 26.Bc3 Rxd1 27.Rxd1 Rd8 28.Ra1 Ra8 29.Be5 Kf8
30.Rd1 Rd8 31.Ra1 Ra8 32.Re1 Rd8 33.Bf4 Bd6 34.Be3 Ke8 35.Ra1 Ra8 36.h5 Kd7
37.Rd1 Kc7 38.g6 hxg6 39.hxg6 Rf8 40.gxf7 Rxf7 41.Be2 Rd7 42.c3 Rd8 43.Kc2 Bf8
44.Bf4+ Bd6 45.Be3 Bf8 46.Rg1 Ra8 47.Bf4+ Kc6 48.Be5 Bd6 49.Bxd6 Kxd6 50.Rxg7 Bc6
51.Kd2 a5 52.Bc4 a4 53.bxa4 Rxa4 54.Kd3 Ke5 55.Re7 Kd6 56.Rxe6+ Kd7 57.Rf6 Ra1
58.Rf7+ Kd8 59.Rf5 Ra5 60.Re5 Kd7 61.f4 Kd6 62.Re6+ Kd7 63.f5 Ra1 64.f6 Rf1
65.Re7+ Kd8 66.e5 Rf3+ 67.Kd2 Rf4 68.Bd3 Rf2+ 69.Ke3 Rf3+ 70.Ke2 Rf4 71.Rg7 Bd5
72.c4 Be6 73.Ra7 Rh4 74.Ra5 Bxc4 75.Ra8+ Kd7 76.Bxc4 Re4+ 77.Kd3 Rd4+ 78.Kc3  1-0

[Event "8th Gibtelecom Masters"]
[Site "Caleta ENG"]
[Date "2010.01.30"]
[Round "5"]
[White "Schoene,Mar"]
[Black "Ortega Valle,J"]
[Result "0-1"]
[WhiteElo "2251"]
[BlackElo "2054"]

1.e4 c5 2.Nf3 d6 3.d4 cxd4 4.Nxd4 Nf6 5.Nc3 a6 6.Be3 e5 7.Nb3 Be6 8.f4 Qc7
9.f5 Bc4 10.Qf3 b5 11.Bxc4 bxc4 12.Nd2 Nbd7 13.Qe2 Rc8 14.O-O Qc6 15.Rfd1 Be7
16.Bf2 O-O 17.a4 a5 18.Nb5 Qb7 19.Nxc4 Qxe4 20.Qxe4 Nxe4 21.b3 Nxf2 22.Kxf2 Nf6
23.Ra2 d5 24.Nxe5 Bc5+ 25.Kf3 Rfe8 26.Re1 Ne4 27.Nd3 Nd2+ 28.Kg3 Rxe1 29.Nxe1 Re8
30.Ra1 Re2 31.Nf3 Ne4+ 32.Kh3 Rxc2 33.Nfd4 Rd2 34.Nc6 h5 35.Nxa5 Bf2 36.g3 Be3
37.g4 Rd3 38.Kg2 hxg4 39.Ra2 Rd1 40.h3 Rg1+  0-1

[Event "ch-ROU m"]
[Site "Baile Olanesti ROU"]
[Date "2010.02.02"]
[Round "3"]
[White "Dragomirescu,R"]
[Black "Lupulescu,C"]
[Result "0-1"]
[WhiteElo "2348"]
[BlackElo "2592"]

1.e4 c5 2.Nf3 d6 3.d4 cxd4 4.Nxd4 Nf6 5.Nc3 a6 6.Be3 e6 7.f3 b5 8.Qd2 Bb7
9.O-O-O Nbd7 10.g4 Nb6 11.Bd3 Rc8 12.Kb1 Nfd7 13.g5 Ne5 14.Qe1 Nbc4 15.Bc1 Qb6
16.Nce2 Be7 17.f4 Nd7 18.f5 e5 19.f6 exd4 20.fxe7 Ne3 21.Bxe3 dxe3 22.Nf4 g6
23.h4 Qd4 24.Rh3 Qe5 25.Nd5 Bxd5 26.exd5 Qxe7 27.Rxe3 Ne5 28.a4 bxa4 29.Qb4 O-O
30.Qxa4 Rc5 31.Qxa6 Qc7 32.Rxe5 dxe5 33.d6 Qd7 34.Bc4 e4 35.Bb3 e3 36.Ba4 Qg4
37.Re1 Rd5 38.c3 Rd2 39.d7 Qg3 40.Re2 Rxe2 41.Qxe2 Qf2 42.Bb5 Qxe2 43.Bxe2 Rd8
44.Kc2 Rxd7 45.Bd3 f5 46.gxf6 Kf7 47.b4 Kxf6 48.c4 Ke5 49.Kc3 h6 50.b5 g5
51.hxg5 hxg5 52.c5 g4 53.c6 Rc7 54.Bf1 Kd6 55.Kd3 Re7 56.Ke2 g3  0-1

[Event "ch-ROU w"]
[Site "Baile Olanesti ROU"]
[Date "2010.02.03"]
[Round "5"]
[White "Uta,Ad"]
[Black "Motoc,A"]
[Result "0-1"]
[WhiteElo "2057"]
[BlackElo "2349"]

1.e4 c5 2.Nf3 d6 3.d4 cxd4 4.Nxd4 Nf6 5.Nc3 a6 6.Be3 e5 7.Nb3 Be6 8.f3 h5
9.Nd5 Bxd5 10.exd5 Nbd7 11.Qd2 Rc8 12.c4 g6 13.Na5 Qc7 14.b4 Bg7 15.Rc1 e4
16.f4 O-O 17.Be2 Nb8 18.O-O b6 19.Nb3 Ng4 20.Bxg4 hxg4 21.c5 bxc5 22.bxc5 dxc5
23.Nxc5 Qd6 24.Nxe4 Qe7 25.Nc5 Rfd8 26.Rfd1 Bf8 27.Bf2 Qf6 28.Nb7 Rxc1 29.Qxc1 Rd7
30.Qc8 Rxd5 31.Rf1 Nd7 32.Qc7 Qb2 33.a4 Rd2 34.Qc6 Bg7 35.Be3 Bd4 36.Bxd4 Qxd4+
37.Kh1 Rd1 38.Qxa6 Qxa4 39.Qe2 Rxf1+ 40.Qxf1 Qb4 41.Nd8 Qb6 42.Nxf7 Kxf7
43.f5 g5 44.h4 gxh4  0-1

[Event "2nd Chennai Open"]
[Site "Chennai IND"]
[Date "2010.02.03"]
[Round "11"]
[White "Abhishek,K"]
[Black "Deepan,C"]
[Result "0-1"]
[WhiteElo "2246"]
[BlackElo "2492"]

1.e4 c5 2.Nf3 d6 3.d4 cxd4 4.Nxd4 Nf6 5.Nc3 a6 6.Be3 e6 7.Be2 Be7 8.f4 O-O
9.O-O Nc6 10.Kh1 Bd7 11.Qe1 b5 12.a3 Nxd4 13.Bxd4 Bc6 14.Qg3 g6 15.Bf3 Nd7
16.Rae1 Bh4 17.Qh3 Bxe1 18.Rxe1 e5 19.fxe5 Nxe5 20.Nd5 Bxd5 21.exd5 Re8 22.Rf1 Qg5
23.Bc3 Rac8 24.Bd1 f5 25.Bb4 Nc4  0-1

[Event "8th Gibtelecom Masters"]
[Site "Caleta ENG"]
[Date "2010.02.04"]
[Round "10"]
[White "Allor,C"]
[Black "Karavade,E"]
[Result "0-1"]
[WhiteElo "2100"]
[BlackElo "2405"]

1.e4 c5 2.Nf3 d6 3.d4 cxd4 4.Nxd4 Nf6 5.Nc3 a6 6.Be3 e5 7.Nb3 Be6 8.Qd2 Be7
9.f3 O-O 10.O-O-O Nbd7 11.g4 b5 12.Kb1 b4 13.Nd5 Bxd5 14.exd5 Nb6 15.Bxb6 Qxb6
16.h4 a5 17.Bd3 a4 18.Nc1 a3 19.Bc4 axb2 20.Kxb2 Rfc8 21.Bb3 Rc3 22.Rdf1 Qa7
23.Kb1 Nd7 24.Ne2 Rcc8 25.g5 Nc5 26.Rfg1 Na4 27.Qxb4 Qe3 28.Bxa4 Qxe2 29.Bb3 Qxf3
30.Rf1 Qe2 31.Qe1 Qa6 32.Rf2 Rcb8 33.Kc1 Qa3+ 34.Kd1 Bd8 35.Qf1 Ra7 36.Qd3 Rb4
37.Qh3 Rd4+ 38.Rd2 Qc5 39.Rxd4 Qxd4+ 40.Ke2 Rc7 41.c4 Qe4+ 42.Kd1 Rc5 43.Rf1 Ba5
44.Qf5 Qd4+ 45.Kc2 Rc7 46.Kb1 g6 47.Qf6 Qd3+ 48.Kc1 Bd2+ 49.Kb2 Bc3+  0-1

[Event "15th HIT Open A"]
[Site "Nova Gorica SLO"]
[Date "2010.02.04"]
[Round "7"]
[White "Leon Hoyos,M"]
[Black "Kovacevic,A"]
[Result "1-0"]
[WhiteElo "2542"]
[BlackElo "2576"]

1.e4 c5 2.Nf3 d6 3.d4 cxd4 4.Nxd4 Nf6 5.Nc3 a6 6.Be3 e5 7.Nb3 Be7 8.f3 Be6
9.Qd2 O-O 10.O-O-O a5 11.a4 Na6 12.g4 Nb4 13.Kb1 Rc8 14.g5 Ne8 15.f4 Bg4
16.Rc1 exf4 17.Bxf4 Nc7 18.h4 Ne6 19.Rg1 Nxf4 20.Rxg4 Ng6 21.Bb5 Qc7 22.Nd5 Nxd5
23.exd5 Ne5 24.Re4 Bd8 25.Rf1 f5 26.Ref4 Qf7 27.Rxf5 Qxf5 28.Rxf5 Rxf5 29.Nxa5 Rc7
30.Qb4 Rcf7 31.Nxb7 Rxb7 32.Qxd6 Nf7 33.Qc6 Re7 34.d6 Re1+ 35.Ka2 g6 36.Bc4 Ba5
37.d7 Rd1 38.Be6 Re5 39.Bxf7+ Kxf7 40.Qf6+  1-0

[Event "FSIMA February"]
[Site "Budapest HUN"]
[Date "2010.02.09"]
[Round "4"]
[White "Szalanczy,E"]
[Black "Szabo,Ben"]
[Result "0-1"]
[WhiteElo "2298"]
[BlackElo "2261"]

1.e4 c5 2.Nf3 d6 3.d4 cxd4 4.Nxd4 Nf6 5.Nc3 a6 6.Be3 e5 7.Nde2 Be6 8.f4 Qc7
9.Qd2 b5 10.f5 Bc8 11.Ng3 Nbd7 12.Bd3 Bb7 13.O-O Be7 14.a4 b4 15.Nd1 a5 16.c4 O-O
17.Nf2 Nc5 18.Bc2 b3 19.Bb1 Ba6 20.Rc1 Rab8 21.Bg5 Ne8 22.Bxe7 Qxe7 23.Qxa5 Qg5
24.Bd3 Nf6 25.Bf1 Rfc8 26.Qe1 h5 27.Rc3 Bb7 28.a5 h4 29.Ngh1 Nfxe4 30.Nxe4 Bxe4
31.Rh3 Bxf5 32.Rxh4 Ne6 33.Rd1 Rc6 34.Qg3 Qxg3 35.Nxg3 Bc2 36.Rd5 g5 37.Rh5 Bg6
38.Rh6 Kg7 39.Rxg6+ Kxg6 40.Bd3+ Kf6 41.Ne4+ Ke7 42.Rb5 Ra8 43.g3 Ra7 44.Nc3 Rc5
45.Rxb3 Rcxa5 46.Rb8 Ra8 47.Rb7+ Kf8 48.Bf1 Rd8 49.Nd5 Raa8 50.Nb6 Ra2 51.Nd5 Nc5
52.Rb6 Ra1 53.Kf2 Rda8 54.Be2 Rc1 55.Nc3 Raa1 56.h4 gxh4 57.gxh4 Ne6 58.h5 Nf4
59.h6 Rh1 60.Rb8+ Ke7 61.Rb7+ Ke6 62.h7 Rh2+ 63.Kg3 Rg2+ 64.Kf3 Rh1 65.Ke3 Rh3+
66.Kd2 Nxe2 67.Nxe2 Rxh7 68.Rb3 Rhh2 69.Re3 f5 70.Kd1 Rh1+ 71.Kd2 f4 72.Re4 f3  0-1

[Event "Magistral"]
[Site "Alzira Oliva Alcudia ESP"]
[Date "2010.02.10"]
[Round "2"]
[White "Sanchez Saez,F"]
[Black "Del Valle Cirera,A"]
[Result "1-0"]
[WhiteElo "2193"]
[BlackElo "2218"]

1.e4 c5 2.Nf3 d6 3.d4 cxd4 4.Nxd4 Nf6 5.Nc3 a6 6.Be3 e6 7.g4 h6 8.Rg1 b5
9.f3 b4 10.Nce2 e5 11.Nf5 d5 12.Neg3 g6 13.Nxh6 Bxh6 14.g5 d4 15.Bd2 Bxg5
16.Bxg5 Rxh2 17.Bc4 Qb6 18.Qd3 Nbd7 19.O-O-O Nc5 20.Qf1 Bb7 21.Rh1 Rxh1 22.Qxh1 Rc8
23.Qh8+ Ke7 24.Qg7 Rf8 25.Rh1 Nd7 26.b3 d3 27.Bxd3 Qf2 28.Bh4 Qe3+ 29.Kb1 Rc8
30.Bc4 Rxc4 31.bxc4 Bc6 32.Rd1 Qf4 33.Qh8 Ke6 34.c5  1-0

[Event "Noteboom Mem"]
[Site "Leiden NED"]
[Date "2010.02.14"]
[Round "6"]
[White "Ten Hagen,Y"]
[Black "Van Oosterom,C"]
[Result "0-1"]
[WhiteElo "2198"]
[BlackElo "2396"]

1.e4 c5 2.Nf3 d6 3.d4 cxd4 4.Nxd4 Nf6 5.Nc3 a6 6.Be3 e6 7.f3 b5 8.Qd2 Nbd7
9.O-O-O Bb7 10.g4 Nb6 11.Bd3 Rc8 12.h4 Nfd7 13.Kb1 Ne5 14.Qe1 Be7 15.g5 b4
16.Nce2 d5 17.Nf4 Nxd3 18.Rxd3 Qc7 19.Nh5 O-O 20.e5 Qxe5 21.Qf2 Qc7 22.f4 Nc4
23.Bc1 Bc5 24.Qe2 Nd6 25.Rf1 a5 26.Qe5 Bxd4  0-1

[Event "Open"]
[Site "Novy Bor CZE"]
[Date "2010.02.18"]
[Round "7"]
[White "Oresky,J"]
[Black "Ter Karapetian,Al"]
[Result "1/2-1/2"]
[WhiteElo "2144"]
[BlackElo "2178"]

1.e4 c5 2.Nf3 d6 3.d4 cxd4 4.Nxd4 Nf6 5.Nc3 a6 6.Be3 e5 7.Nb3 Be6 8.f3 Nbd7
9.Qd2 Be7 10.O-O-O O-O 11.g4 b5 12.Rg1 Nb6 13.g5 Nh5 14.Na5 Qc7 15.Nd5 Nxd5
16.exd5 Bxd5 17.Qxd5 Qxa5 18.Bh3 Qc7 19.Bg4 Nf4 20.Bxf4 exf4 21.Rge1 Ra7
22.h4 Qc5 23.Re4 Rc7 24.Rxf4 Rd8  1/2-1/2

[Event "Open"]
[Site "Novy Bor CZE"]
[Date "2010.02.20"]
[Round "9"]
[White "Moehn,H"]
[Black "Bores,R"]
[Result "1/2-1/2"]
[WhiteElo "2015"]
[BlackElo "2185"]

1.e4 c5 2.Nf3 d6 3.d4 cxd4 4.Nxd4 Nf6 5.Nc3 a6 6.Be3 e5 7.Nb3 Be6 8.f4 Qc7
9.f5 Bc4 10.Qf3 b5 11.g4 h6 12.h4 b4 13.Nd5 Nxd5 14.exd5 Nd7 15.O-O-O Rc8
16.Kb1 Bxb3 17.cxb3 Be7 18.Rc1 Qb7 19.Rc6 Nb8 20.Rxc8+ Qxc8 21.Bd3 Bd8 22.g5 hxg5
23.hxg5 Rxh1+ 24.Qxh1 Be7 25.Qe4 Qb7 26.Qc4 Bd8 27.a3 a5 28.g6 Nd7 29.Qb5 Qxb5
30.Bxb5 fxg6 31.fxg6 Ke7 32.Bg5+ Nf6 33.Kc2 Bb6 34.Bxf6+ Kxf6 35.Bd3 Kg5
36.Be4 Kf4 37.Kd3 Bd4 38.axb4 axb4 39.Bg2 Bxb2 40.Be4 Bd4 41.Bh1 Bc5 42.Be4 Kg3  1/2-1/2

[Event "Open"]
[Site "Novy Bor CZE"]
[Date "2010.02.20"]
[Round "9"]
[White "Oresky,J"]
[Black "Navratil,Ji3"]
[Result "1-0"]
[WhiteElo "2144"]
[BlackElo "1941"]

1.e4 c5 2.Nf3 d6 3.d4 cxd4 4.Nxd4 Nf6 5.Nc3 a6 6.Be3 e6 7.f3 b5 8.Qd2 Bb7
9.g4 Nc6 10.O-O-O Be7 11.Nxc6 Bxc6 12.Ne2 Qc7 13.Nd4 Bb7 14.h4 O-O-O 15.Kb1 Nd7
16.c4 bxc4 17.Bxc4 Nc5 18.Rc1 Kb8 19.b4 Qb6 20.Nb3 Nxb3 21.Bxb3 Qb5 22.Qd4 Bc6
23.Qa7+ Kc8 24.Rxc6+ Qxc6 25.Rc1 Qxc1+ 26.Kxc1 Bxh4 27.Bb6  1-0

[Event "2nd MGU Open"]
[Site "Sofia BUL"]
[Date "2010.02.20"]
[Round "3"]
[White "Spassov,B"]
[Black "Tsintsarski,B"]
[Result "0-1"]
[WhiteElo "1728"]
[BlackElo "1713"]

1.e4 c5 2.Nf3 d6 3.d4 cxd4 4.Nxd4 Nf6 5.Nc3 a6 6.Be3 e5 7.Nf3 h6 8.h3 Be6
9.Qd2 Qc7 10.Bd3 Nbd7 11.O-O Nc5 12.Rfc1 Rd8 13.b4 Nxd3 14.cxd3 Qb8 15.a4 Be7
16.a5 d5 17.exd5 Nxd5 18.Nxd5 Rxd5 19.Bb6 Qd6 20.Bc5 Qd8 21.Bxe7 Qxe7 22.Qb2 O-O
23.d4 exd4 24.Rd1 d3 25.g4 h5 26.g5 Bxh3 27.Qb3 Rxg5+ 28.Kh2 Be6 29.Qxd3 Rd5
30.Qe4 Qd6+ 31.Ne5 Rxd1  0-1

[Event "ch-IND National Teams"]
[Site "Gurgaon IND"]
[Date "2010.02.21"]
[Round "1"]
[White "Lahiri,A"]
[Black "Jitendra,C"]
[Result "1-0"]
[WhiteElo "2379"]
[BlackElo "1809"]

1.e4 c5 2.Nf3 d6 3.d4 cxd4 4.Nxd4 Nf6 5.Nc3 a6 6.Be3 e6 7.f3 Be7 8.Qd2 Nc6
9.O-O-O Qc7 10.g4 Ne5 11.g5 Nfd7 12.f4 Nc4 13.Bxc4 Qxc4 14.f5 Ne5 15.Rhf1 Bd7
16.Kb1 b5 17.Nce2 a5 18.b3 Qc8 19.Nf4 a4 20.Qe2 exf5 21.Nd5 Bd8 22.Nxb5 O-O
23.Nxd6 Qb8 24.exf5 axb3 25.cxb3 Kh8 26.Bc5 Nc6 27.h4 Ra5 28.Qc4 Ne5 29.Qc3 Nc6
30.Nb7 Re8 31.Nxa5 Bxa5 32.b4 Re2 33.Qb3 Qe5 34.bxa5 Nxa5 35.Qc3 Qe4+ 36.Qd3 Qg2
37.Nb4 Rb2+ 38.Ka1 Nc6  1-0

[Event "TCh-ISL 2009-10"]
[Site "Rekjavik ISL"]
[Date "2010.03.05"]
[Round "5"]
[White "Lagerman,R"]
[Black "Einarsson,B"]
[Result "0-1"]
[WhiteElo "2351"]
[BlackElo "2210"]

1.e4 c5 2.Nf3 d6 3.d4 cxd4 4.Nxd4 Nf6 5.Nc3 a6 6.Be3 e5 7.Nb3 Be7 8.f3 Be6
9.Qd2 Qc7 10.g4 Nbd7 11.O-O-O O-O 12.Kb1 Rfc8 13.Qf2 b5 14.g5 Nh5 15.Bd3 b4
16.Nd5 Bxd5 17.exd5 g6 18.Be4 a5 19.Nc1 a4 20.Ne2 Ra5 21.Ng3 Nf4 22.h4 Nc5
23.Qd2 b3 24.Rc1 bxa2+ 25.Kxa2 Nb3 26.Qb4 Nxc1+ 27.Rxc1 Rb8 28.Qa3 Qc4+ 29.Ka1 Nxd5
30.Bxd5 Rxd5 31.Ne4 Rdb5 32.Rb1 Qxc2 33.Nf6+ Bxf6 34.gxf6 Qb3 35.Rd1 Qxd1+  0-1

[Event "TCh-ISL 2009-10"]
[Site "Rekjavik ISL"]
[Date "2010.03.06"]
[Round "7"]
[White "Olafsson,Thorv"]
[Black "Einarsson,B"]
[Result "1/2-1/2"]
[WhiteElo "2211"]
[BlackElo "2210"]

1.e4 c5 2.Nf3 d6 3.d4 cxd4 4.Nxd4 Nf6 5.Nc3 a6 6.Be3 e5 7.Nb3 Be7 8.f3 Be6
9.Qd2 Qc7 10.O-O-O Nbd7 11.Kb1 O-O 12.g4 Rfc8 13.g5 Nh5 14.Rg1 g6 15.Nd5 Bxd5
16.exd5 a5 17.a4 Nb6 18.Rg4 f5 19.gxf6 Nxf6 20.Bxb6 Qxb6 21.Rc4 Rxc4 22.Bxc4 Nh5
23.Bb5 Nf4 24.c4 Kg7 25.c5 dxc5 26.d6 Bf6 27.d7 Be7 28.Qe3 Qc7 29.Nd2 Nd5
30.Qd3 Nf6 31.Nc4 Rd8 32.Ka1 b6 33.Ka2 Bf8 34.Qc3 Rxd7 35.Bxd7 Nxd7 36.f4 Qc6
37.b3 Qe6 38.fxe5 Nb8 39.Qd3 Be7 40.Qd5 Qf5 41.Qd3 Qe6 42.Qd5 Qf5 43.Rd2 Na6
44.Qd7 Nb4+ 45.Kb2 Qg5 46.Qh3 Nc6 47.Qg3 Qf5 48.Rf2 Qe4 49.Qf4 Qd5 50.Nxb6 Qe6
51.Nc4 Nd4 52.Nxa5 g5 53.Qd2 Qxe5 54.Qc3 Bf6 55.Nc4 Qe6 56.Ka2 Nf5 57.Qf3 Nd4
58.Qb7+ Kg6 59.Nd2 Nc6 60.Qb5 Nb4+ 61.Ka3 Qe5 62.Rxf6+ Kxf6 63.Qxc5 Nd5 64.Qf8+ Kg6
65.Qg8+ Kh6 66.Qf8+ Kg6 67.Qg8+  1/2-1/2